Implementación de un sistema de control automático de nivel por computadora

Guardat en:
Dades bibliogràfiques
Autor principal: Soto Avila, Katalina
Altres autors: Pacheco Moscoa, Sergio
Format: Llibre
Publicat: San José, Costa Rica 1994
Matèries:
Etiquetes: Afegir etiqueta
Sense etiquetes, Sigues el primer a etiquetar aquest registre!

MARC

LEADER 00000nam a2200000Ia 4500
003 007553
005 20221231144300.0
008 140114s1994 cr a m 000 ||s d
040 |c cru CEDI 
090 |a TFG 3203 
100 |a Soto Avila, Katalina  |9 11127 
245 |a Implementación de un sistema de control automático de nivel por computadora 
260 |c 1994  |a San José, Costa Rica 
300 |a  xvi, 89 hojas : ilustraciones  
500 |a  Proyecto de graduación (bachillerato en ingeniería eléctrica)-- Universidad de Costa Rica. Facultad de Ingeniería. Escuela de Ingeniería Eléctrica 
650 |x CONTROL AUTOMATICO   |x AUTOMATIZACION  |9 3869 
700 |9 11128  |a Pacheco Moscoa, Sergio 
942 |c TFG 
999 |c 19554  |d 19554